Cargando…

Handbook of Asian finance. Volume 2, REITs, trading, and fund performance /

Participants in Asian financial markets have witnessed the unprecedented growth and sophistication of their investments since the 1997 crisis. The Handbook of Asian Finance: Financial Markets and Wealth Management analyzes the forces behind these growth rates. Insights into banking, fund performance...

Descripción completa

Detalles Bibliográficos
Clasificación:Libro Electrónico
Otros Autores: Lee, David (David Kuo Chuen) (Editor ), Gregoriou, Greg N., 1956- (Editor )
Formato: Electrónico eBook
Idioma:Inglés
Publicado: San Diego, California : Elsevier, [2014]
Temas:
Acceso en línea:Texto completo

MARC

LEADER 00000cam a2200000 i 4500
001 SCIDIR_ocn882503586
003 OCoLC
005 20231120111604.0
006 m o d
007 cr cn|||||||||
008 140524t20142014cau ob 001 0 eng d
040 |a E7B  |b eng  |e rda  |e pn  |c E7B  |d OCLCO  |d UIU  |d OCLCF  |d YDXCP  |d EBLCP  |d N$T  |d OPELS  |d DEBSZ  |d OCLCQ  |d NJR  |d OCLCQ  |d U3W  |d VT2  |d OCLCQ  |d OCLCA  |d OCLCO  |d OCLCQ  |d OCLCO 
019 |a 880530871  |a 883167644 
020 |a 9780128010631  |q (e-book) 
020 |a 0128010630  |q (e-book) 
020 |a 9781306802826 
020 |a 1306802822 
020 |z 9780128009864 
020 |z 0128009861 
035 |a (OCoLC)882503586  |z (OCoLC)880530871  |z (OCoLC)883167644 
043 |a a------ 
050 4 |a HG187.A2  |b H36 2014eb 
072 7 |a BUS  |x 027000  |2 bisacsh 
082 0 4 |a 332.095  |2 23 
245 0 0 |a Handbook of Asian finance.  |n Volume 2,  |p REITs, trading, and fund performance /  |c edited by David Lee Kuo Chuen, Greg N. Gregoriou. 
264 1 |a San Diego, California :  |b Elsevier,  |c [2014] 
264 4 |c �2014 
300 |a 1 online resource (531 pages) 
336 |a text  |b txt  |2 rdacontent 
337 |a computer  |b c  |2 rdamedia 
338 |a online resource  |b cr  |2 rdacarrier 
504 |a Includes bibliographical references and index. 
588 0 |a Online resource; title from PDF title page (ebrary, viewed May 24, 2014). 
505 0 |a Half Title; Title Page; Copyright; Contents; Editor Bios; Contributor Bios; Acknowledgments; Introductory Chapter: Asia Finance: The Emergence of Asia Economy and New Development in Finance; REITs; Trading; Fund Performance; Summary of individual Chapters in Volume II; Re-Emergence of asia; Disclaimers; Part One: REIT's; 1.2 Conceptual Framework; 1.2.1 Analyst Coverage; 1.2.2 Analysts Accuracy; Country effects; Industry effects; 1.2.3 Forecast Bias; Analysts' forecasts during periods of high uncertainty; 1.3 Data and Methodology; 1.3.1 Data; 1.3.2 Test of Financial Analysts' Accuracy. 
505 8 |a 1.3.3 Test of Financial Analysts' Forecast Bias1.3.4 Analysis by Sub-Periods and Types of Earnings; 1.4 Analysis of Financial Analysts' Forecasts; 1.4.1 Accuracy of Financial Analysts' Forecasts; Before crisis: 2005-2007; During the crisis: 2008-2009; After the crisis: 2010-2012; 1.4.2 Financial Analysts' Forecast bias; Before crisis: 2005-2007; During the crisis: 2008-2009; After the crisis: 2010-2012; 1.5 Conclusion; Appendix 1: Real Estate: Detailed Evolution of FAFs Accuracy and Bias in the Real Estate Sector for Asian Pacific Countries from 2001 to 2012. 
505 8 |a Appendix 2: The Evolution of FAFs Accuracy (diamond black line) and Bias (square gray line) (figure on the left), and Coverage in the Real Estate Sector for Asian Pacific countries from 2001 to 2012 (figure on the right)Appendix 3: Detailed Evolution of FAFs Accuracy and Bias in the Real Estate Sector for Asian Pacific Countries from 2001 to 2012 (except the real estate sector); Appendix 4: Detailed Evolution of Average Analyst Following for Real Estate Firms in Asian Pacific Countries: from 2001 to 2012; References; 2.3 Empirical Analysis; 2.3.1 Sample; 2.3.2 Methodology; 2.3.3 Results. 
505 8 |a 2.4 ConclusionAcknowledgments; References; 3.2 Market Structure of Singapore REITs; 3.2.1 Introduction to Singapore REITs; 3.2.2 Listing Requirements for S-REIT; 3.2.3 Structure of S-REITs; 3.2.4 Composition of S-REITs; 3.3 Performance of Singapore REITs; 3.3.1 S-REITs Performance Relative to the Singapore Stock Market Index (STI); 3.3.2 Dividend Yields of S-REITs and Spreads Over 10-Year Government Bonds; 3.3.3 S-REITs Performance Relative to the URA Property Index; 3.3.4 S-REITs Performance Relative to Other Asian REITs Indexes; 3.3.5 Concluding Note; 3.4 Growth Options of Individual REITs. 
505 8 |a 3.4.1 How REITs Generate Growth Internally3.4.2 How REITs Grow via Acquisitions and Property Development; 3.4.3 Risks in REITs Investing; 3.5 Conclusion; References; 4.2 Literature Review; 4.3 Methodologies; 4.3.1 Performance Measures; 4.3.2 Illiquidity and Performance Measures; 4.3.3 Errors-in-Variables and Linear Asset Pricing Models; 4.4 Data and Asset Pricing Model; 4.4.1 Data and Adjusted Return Series; 4.4.2 The Asset Pricing Model; 4.5 Results and Findings; 4.5.1 Four Factor Model; 4.5.2 Performance Indicators; 4.6 Conclusion. 
520 |a Participants in Asian financial markets have witnessed the unprecedented growth and sophistication of their investments since the 1997 crisis. The Handbook of Asian Finance: Financial Markets and Wealth Management analyzes the forces behind these growth rates. Insights into banking, fund performance, and the effects of trading technologies for practitioners to tax evasion, market manipulation, and corporate governance issues are all here, presented by expert scholars. Offering broader and deeper coverage than other handbooks, the Handbook of Asian Finance: Financi. 
650 0 |a Finance  |z Asia. 
650 6 |a Finances  |0 (CaQQLa)201-0026008  |z Asie.  |0 (CaQQLa)201-0420795 
650 7 |a BUSINESS & ECONOMICS  |x Finance.  |2 bisacsh 
650 7 |a Finance  |2 fast  |0 (OCoLC)fst00924349 
651 7 |a Asia  |2 fast  |0 (OCoLC)fst01240495 
700 1 |a Lee, David  |q (David Kuo Chuen),  |e editor. 
700 1 |a Gregoriou, Greg N.,  |d 1956-  |e editor. 
776 0 8 |i Print version:  |t Handbook of Asian finance. Volume 2, REITs, trading, and fund performance.  |z 0128009861  |z 9780128009864 
856 4 0 |u https://sciencedirect.uam.elogim.com/science/book/9780128009864  |z Texto completo